01430nab a22002057a 4500999001500000003000400015005001700019008004100036040000700077100002700084245008700111300001300198505074000211505007200951650002801023650001701051650003401068773010901102942001301211 c5792d5792OSt20260106194314.0190514b xxu||||| |||| 00| 0 spa d cPJ 96700aMorquecho, Lara 10aGestión del período probatorio con perspectiva de género /cLara Morquecho.  ap. 30-41 aSumario: I. Introducción.— II. El sistema de justicia en clave de género.— III. La gestión de la prueba con enfoque convencional.— IV. Algunas herramientas procesales para aplicar en la gestión probatoria con perspectiva de género.— V. La carga dinámica de la prueba.— VI. El principio de colaboración: indicios y buena fe procesal.— VII. La distinción entre institutos y la importancia de la carga dinámica en materia de género como casos complejos.— VIII. La perspectiva de género como pauta de interpretación de las mejores condiciones probatorias.— IX. Jurisprudencia sobre la aplicación de la carga dinámica de la prueba con perspectiva de género: ¿es suficiente?— X. Conclusiones. tSi te interesa el texto, comunicate a koha@justierradelfuego.gov.ar 09967aDERECHO DE FAMILIA 0aPRUEBA91975 0aPERSPECTIVA DE GÉNERO940440 0284493222dBuenos Aires : AbeledoPerrot, 1989-tDerecho de familia. N° 116 - Septiembre 2024z18511201 2udccANA